காதல் பேச வா கண்ணே/ அழகி

Saved in:
Bibliographic Details
Main Author: அழகி
Format: Book
Language:English
Tamil
Published: இந்தியா எம்,எஸ் பதிப்பகம் 2026
Edition:1ம் பதிப்பு
Subjects:
Tags: Add Tag
No Tags, Be the first to tag this record!

MARC

LEADER 00000nam a22000007a 4500
003 LK-TrUPL
005 20260417111204.0
008 260417b |||||||| |||| 00| 0 eng d
040 |a LK-TrUPL  |b tam  |d LK-TrUPL 
041 |a tam 
082 |2 23  |a 894.811  |b அழகி 
100 |a அழகி 
245 |a காதல் பேச வா கண்ணே/  |b அழகி 
250 |a 1ம் பதிப்பு 
260 |a இந்தியா  |b எம்,எஸ் பதிப்பகம்  |c 2026 
300 |a ப.236  |c ச்மீ,19, 
650 0 |a கதை 
942 |c LBK 
999 |c 13347  |d 13347